Statistics for TOP 10 BIGGEST COUNTRIES BY POPULATION

Click here to take the quiz!

General Stats

  • This quiz has been taken 20 times
    (5 since last reset)
  • The average score is 9 of 10

Answer Stats

Answer% Correct
Brazil
100%
China
100%
India
100%
Mexico
100%
Russia
100%
USA
100%
Bangladesh
80%
Indonesia
80%
Nigeria
60%
Pakistan
60%

Score Distribution

Percentile by Number Answered

Percent of People with Each Score

Your Score History

You have not taken this quiz since the last reset